Central Library OPAC University of Rajshahi

Animal welfare : (Record no. 36584)

MARC details
000 -LEADER
fixed length control field 00997nam a22002657a 4500
001 - CONTROL NUMBER
control field 36584
003 - CONTROL NUMBER IDENTIFIER
rucl marc code BD-RjUL
005 - DATE AND TIME OF LATEST TRANSACTION
control field 20211209052515.0
008 - FIXED-LENGTH DATA ELEMENTS--GENERAL INFORMATION
fixed length control field 140707s2008 ii a|||| b||| 001 0 eng d
020 ## - INTERNATIONAL STANDARD BOOK NUMBER
International Standard Book Number 9788170355366
International Standard Book Number 8170355362
035 ## - SYSTEM CONTROL NUMBER
System control number (BD-RjUL)36685
040 ## - CATALOGING SOURCE
Original cataloging agency BD-RjUL
Language of cataloging eng
Transcribing agency BD-RjUL
041 ## - LANGUAGE CODE
Language code of text/sound track or separate title eng
082 ## - DEWEY DECIMAL CLASSIFICATION NUMBER
Edition number 22
Classification number 636.08890959
Author mark and year AGA 2008
100 ## - MAIN ENTRY--PERSONAL NAME
Personal name Agoramoorthy, Govindasamy.
9 (RLIN) 111460
245 ## - TITLE STATEMENT
Title Animal welfare :
Remainder of title assessing animal welfare standards in zoological and recreational parks in South East Asia /
Statement of responsibility, etc. by Govindasamy Agoramoorthy.
260 ## - PUBLICATION, DISTRIBUTION, ETC. (IMPRINT)
Place of publication, distribution, etc. New Delhi :
Name of publisher, distributor, etc. Daya Pub. House,
Date of publication, distribution, etc. c2008.
300 ## - PHYSICAL DESCRIPTION
Pagination xiii, 228, 28 p. :
Illustrations ill. (some col.), maps (some col.) ;
Size 23 cm.
504 ## - BIBLIOGRAPHY, ETC. NOTE
Bibliography, etc Includes bibliographical references (p. [213]-222) and index.
650 ## - SUBJECT ADDED ENTRY--TOPICAL TERM
Topical term or geographic name as entry element Zoo animals
Geographic subdivision Southeast Asia.
9 (RLIN) 111461
Topical term or geographic name as entry element Animal welfare
General subdivision Evaluation.
Geographic subdivision Southeast Asia
9 (RLIN) 111462
Topical term or geographic name as entry element Zoos
General subdivision Evaluation.
Geographic subdivision Southeast Asia
9 (RLIN) 111463
942 ## - ADDED ENTRY ELEMENTS (KOHA)
Source of classification or shelving scheme Dewey Decimal Classification
Koha item type Books
Holdings
Lost status Source of classification or shelving scheme Damaged status Not for loan Collection code Permanent Location Current Location Shelving location Date acquired Source of acquisition Cost, normal purchase price Total Checkouts Full call number Date last seen Copy number Koha item type
  Dewey Decimal Classification   Not For Loan Non-fiction Central Library, University of Rajshahi Central Library, University of Rajshahi Reading Room 19/02/2013 Trim Education. 1350.00   636.08890959 AGA 2008 07/07/2014 C-1 Books